| 000 | 00948nam a22002417a 4500 | ||
|---|---|---|---|
| 001 | 76356 | ||
| 003 | BD-RjUL | ||
| 005 | 20211209082830.0 | ||
| 008 | 191127s2018 bg ||||| |||| 00| 0 ben d | ||
| 020 | _a9789849270522 | ||
| 035 | _a(BD-RjUL)76577 | ||
| 040 |
_aBD-RjUL _beng _cBD-RjUL |
||
| 041 | _aeng | ||
| 082 |
_223 _a327.1 _bREN 2018 |
||
| 100 |
_aরেহমান, তারেক শামসুর _9163936 |
||
| 245 |
_aনয়া বিশ্বব্যবস্থা ও সমকালীন আন্তর্জাতিক রাজনীতি / _cতারেক শামসুর রেহমান |
||
| 250 | _aপরিবর্ধিত সংস্করণ /২০১৮ | ||
| 260 |
_aঢাকা : _bশোভা প্রকাশ, _c২০১৮ |
||
| 300 |
_a৩৮৪ পৃ. ; _c২২ সেমি. |
||
| 650 |
_aWorld politics _9235628 |
||
| 650 |
_aInternational relations _9235629 |
||
| 942 |
_2ddc _cBK |
||
| 999 |
_c76356 _d76356 |
||